Statistics for Countries where Amazon Doesn't Deliever

Click here to take the quiz!

General Stats

  • This quiz has been taken 48 times
  • The average score is 19 of 31

Answer Stats

HintAnswer% Correct
Iran
90%
North Korea
90%
China
85%
BLOCKEDSyria
85%
Sudan
79%
Oman
77%
Israel
72%
Pakistan
72%
Jordan
69%
Libya
69%
Lebanon
67%
Qatar
67%
RESTRICTAlgeria
64%
Bahrain
64%
Egypt
62%
RESTRICTUnited Arab Emirates
62%
Kuwait
59%
Myanmar
59%
Saudi Arabia
59%
Bhutan
56%
BLOCKEDCuba
56%
Tunisia
56%
India
54%
Morocco
54%
Türkiye
54%
Brunei
51%
Bangladesh
46%
Japan
31%
Malaysia
28%
Singapore
26%
Bosnia-Herzegovina
10%

Score Distribution

Percentile by Number Answered

Percent of People with Each Score

Your Score History

You have not taken this quiz